000 03057cam a2200313 4500500
005 20251228074448.0
041 _afre
042 _adc
100 1 0 _aGuillon, Stéphane
_eauthor
700 1 0 _aBoléguin, Vanessa
_eauthor
700 1 0 _aPicot, Jérémy
_eauthor
245 0 0 _aLe poids de la vocation et du contexte dans l’activité d’enseignement des universitaires
260 _c2017.
500 _a8
520 _aDans un contexte de diversification des missions, de hausse des effectifs étudiants et de ralentissement dans la création d’emploi, les universitaires sont inégalement concernés par les activités qui entrent en concurrence avec la recherche scientifique, dont l’enseignement représente une large part. Pour les enseignants-chercheurs en France exerçant à l’Université, le temps consacré à l’enseignement impacte en effet mécaniquement l’investissement dans la recherche et la construction de la carrière vers le professorat. Cet article cherche à montrer que le surinvestissement dans l’activité d’enseignement, défavorable à long terme en ce qui concerne la légitimation académique, n’est pas affaire de vocation ou d’engagement mais dépend d’abord de facteurs externes, dont le professionnel n’a pas la maîtrise, liés au contexte de travail, aux spécificités disciplinaires et à la faible ancienneté à l’intérieur du champ professionnel. Nos données sont tirées d’une large enquête en ligne réalisée fin 2014 auprès des enseignants-chercheurs de trois universités du Grand Est.
520 _aIn the context of diversified missions, the growing student population and a slowdown in job creation in the universities, academics are unevenly concerned with activities that enter into competition with scientific research, of which teaching represents an important portion. For teachers-researchers within French universities, the time dedicated to teaching automatically impacts the investment in research and the construction of a career in professorship. Our article seeks to underline that over-investment in teaching activity, unfavorable in the long term in terms of academic legitimization, is not a matter of vocation or commitment, but first depends on external factors related to the work context, the disciplinary specificities and the low seniority within the professional field. Our data is drawn from a large online survey conducted at the end of 2014 by academics from three universities in Eastern France.
690 _aactivité
690 _aenseignant-chercheur
690 _aenseignement
690 _auniversité
690 _avocation professionnelle
690 _aactivity
690 _aprofessional calling
690 _ateacher-researcher
690 _ateaching
690 _auniversity
786 0 _nSpirale - Revue de recherches en éducation | 60 | 2 | 2017-10-02 | p. 111-124 | 0994-3722
856 4 1 _uhttps://shs.cairn.info/revue-spirale-revue-de-recherches-en-education-2017-2-page-111?lang=fr&redirect-ssocas=7080
999 _c1597730
_d1597730